LEADER 00956cam0 22002891 450 001 SOBE00031947 005 20130410114507.0 010 $a8811663164 100 $a20130410d1999 |||||ita|0103 ba 101 $aita 102 $aIT 200 1 $aSangue freddo$fLynda La Plante 210 $a[Milano]$cGarzanti$d1999 215 $a583 p.$d22 cm 225 2 $aNarratori moderni 300 $aTraduzione di: Cold blood, a cura di Maura Parolini, Matteo Curtoni 410 1$1001LAEC00019183$12001 $a*Narratori moderni 700 1$aLa_Plante$b, Lynda$3SOBA00006496$4070$0774161 801 0$aIT$bUNISOB$c20130410$gRICA 850 $aUNISOB 852 $aUNISOB$jFondo|Durante$m160462 912 $aSOBE00031947 940 $aM 102 Monografia moderna SBN 941 $aM 957 $aFondo|Durante$b000011$gSI$d160462$hDurante$rdono$tN$1menle$2UNISOB$3UNISOB$420130410114143.0$520130410114209.0$6menle 996 $aSangue freddo$91643555 997 $aUNISOB